000 01335cam a22003254a 4500
001 12468088
003 OSt
005 20220329114646.0
008 010713s2002 nyu b 000 0 eng
010 _a 2001044245
020 _a0865475873 (pbk. : alk. paper)
040 _aDLC
_cHU
_dDLC
042 _apcc
050 0 0 _aTD794.5
_b.M395 2002
082 0 0 _a745.2 MCD 2002
_221
100 1 _aMcDonough, William.
_934422
245 1 0 _aCradle to cradle :
_bremaking the way we make things /
_cWilliam McDonough & Michael Braungart.
250 _a1st ed.
260 _aNew York :
_bNorth Point Press,
_c2002.
300 _a193 p. ;
_c21 cm.
504 _aIncludes bibliographical references.
650 0 _aRecycling (Waste, etc.)
_934423
650 0 _aIndustrial management
_xEnvironmental aspects.
_97876
700 1 _aBraungart, Michael,
_d1958-
_934424
856 4 2 _3Contributor biographical information
_uhttp://www.loc.gov/catdir/bios/hol051/2001044245.html
856 4 2 _3Publisher description
_uhttp://www.loc.gov/catdir/description/hol021/2001044245.html
906 _a7
_bcbc
_corignew
_d1
_eocip
_f20
_gy-gencatlg
942 _2ddc
_cBOOKS
_n0
999 _c33822
_d33822